Score 0/18 Timer 03:00
0 Plays Today
Hint Answer % Correct
RightThing
97.9%
DownBlack
93.5%
RightKids
81.1%
LeftFoot
77.1%
LeftHouse
76.4%
LeftElvis
73.2%
LeftDead
68.7%
RightDudley
65.8%
LeftNothing
63.5%
Hint Answer % Correct
RightMoves
63%
DownLane
62.6%
RightDoor
53.1%
DownWhite
53%
DownBack
50.4%
DownBringing
50.3%
DownRescuers
23.1%
RightKind
22%
LeftGun
16.9%

Today's Daily Dose

Remove Ads.
Support Sporcle.
Get the best of Sporcle when you Go Orange. This ad-free experience offers more features, more stats, and more fun while also helping to support Sporcle. Thank you for becoming a member.

You're not logged in!

Compare scores with friends on all Sporcle quizzes.
OR
Log In

Show Comments

Extras

Top Quizzes Today


Score Distribution

Your Account Isn't Verified!

In order to create a playlist on Sporcle, you need to verify the email address you used during registration. Go to your Sporcle Settings to finish the process.

Report this User

Report this user for behavior that violates our Community Guidelines.

Details: